Central(Axis) Powers of WW1 & WW2 - Statistics

General Stats
  • This quiz has been taken 283 times
    272 since last reset
  • The average score is 9 of 10
Answer Stats
Answer % Correct
Germany
100%
Germany
100%
Austria-Hungary
97%
Italy
97%
Japan
94%
the Ottoman Empire
88%
Bulgaria
86%
Bulgaria
86%
Romania
81%
Hungary
77%
No matching quizzes found
Score Distribution
Percent of People with Each Score
Percentile by Number Answered
Your Score History
You have not taken this quiz since the last reset